[Event "SLO-chT1 West"]
[Site "Slovenia"]
[Date "2022.10.14"]
[Round "4.4"]
[White "Slibar, Matjaz"]
[Black "Trpin, Alenka"]
[Result "1-0"]
[WhiteElo "2217"]
[BlackElo "1724"]
[PlyCount "65"]
[EventDate "2022.10.07"]
[EventType "team-tourn"]
[EventRounds "9"]
[EventCountry "SLO"]
[SourceTitle "CBM 210 Extra"]
[Source "ChessBase"]
[SourceDate "2022.11.30"]
[SourceVersion "1"]
[SourceVersionDate "2022.11.30"]
[SourceQuality "1"]
[WhiteTeam "Kranj Tomo Zupan"]
[BlackTeam "Komenda"]
[WhiteTeamCountry "SLO"]
[BlackTeamCountry "SLO"]

1. e4 c5 2. Nc3 Nc6 3. Bb5 d6 4. Bxc6+ bxc6 5. f4 e6 6. d3 d5 7. Nf3 Nf6 8. 0-0 Be7 9. Qe1 Qc7 10. b3 Nd7 11. Bd2 0-0 12. exd5 cxd5 13. Nxd5 exd5 14. Qxe7 Qb6 15. Qg5 Nf6 16. Ne5 a5 17. Rab1 h6 18. Qh4 Qd6 19. Kh1 Re8 20. a4 Bb7 21. Rbe1 d4 22. Nc4 Qc6 23. Qg3 Qc7 24. Rxe8+ Nxe8 25. Qe1 Nf6 26. Bxa5 Qc6 27. Rf2 Ng4 28. Re2 Ne3 29. Nxe3 dxe3 30. Bc3 Re8 31. Qg3 g6 32. Bb2 Kh7 33. Bc1 1-0

[Event "SLO-chT1 West"]
[Site "Slovenia"]
[Date "2022.10.08"]
[Round "2.4"]
[White "Slibar, Matjaz"]
[Black "Bradac, Simon"]
[Result "1/2-1/2"]
[WhiteElo "2217"]
[BlackElo "1806"]
[PlyCount "60"]
[EventDate "2022.10.07"]
[EventType "team-tourn"]
[EventRounds "9"]
[EventCountry "SLO"]
[SourceTitle "CBM 210 Extra"]
[Source "ChessBase"]
[SourceDate "2022.11.30"]
[SourceVersion "1"]
[SourceVersionDate "2022.11.30"]
[SourceQuality "1"]
[WhiteTeam "Kranj Tomo Zupan"]
[BlackTeam "Ilirska Bistrica Rimex"]
[WhiteTeamCountry "SLO"]
[BlackTeamCountry "SLO"]

1. e4 e6 2. d4 d5 3. Nd2 h6 4. Ngf3 Nf6 5. Bd3 c5 6. e5 Nfd7 7. c3 Nc6 8. 0-0 g5 9. dxc5 Bxc5 10. b4 Bb6 11. Nb3 Ndxe5 12. Bb5 Bd7 13. Re1 Qf6 14. Bxc6 Nxc6 15. Qxd5 Bxf2+ 16. Kxf2 g4 17. Bd2 gxf3 18. Qxf3 Qxf3+ 19. Kxf3 f6 20. Bf4 Ne7 21. Rad1 e5 22. Be3 Bc6+ 23. Kf2 Nd5 24. Bd2 Rd8 25. c4 Ne7 26. b5 Bd7 27. Nc5 Bg4 28. Nxb7 Rd7 29. Nc5 Rd8 30. Nb7 Rd7 1/2-1/2

[Event "SLO-chT1 West"]
[Site "Slovenia"]
[Date "2022.10.07"]
[Round "1.5"]
[White "Slibar, Matjaz"]
[Black "Turkovic, Igor"]
[Result "1-0"]
[WhiteElo "2217"]
[BlackElo "1804"]
[PlyCount "53"]
[EventDate "2022.10.07"]
[EventType "team-tourn"]
[EventRounds "9"]
[EventCountry "SLO"]
[SourceTitle "CBM 210 Extra"]
[Source "ChessBase"]
[SourceDate "2022.11.30"]
[SourceVersion "1"]
[SourceVersionDate "2022.11.30"]
[SourceQuality "1"]
[WhiteTeam "Kranj Tomo Zupan"]
[BlackTeam "Dolenjske Toplice"]
[WhiteTeamCountry "SLO"]
[BlackTeamCountry "SLO"]

1. e4 c5 2. Nc3 Nc6 3. Bb5 g6 4. Bxc6 bxc6 5. f4 Nf6 6. d3 Bg7 7. Nf3 0-0 8. 0-0 Rb8 9. Qe1 Qa5 10. Rb1 Ba6 11. b3 e6 12. Bd2 Qc7 13. e5 Nd5 14. Ne4 f6 15. Ba5 Nb6 16. Nxc5 Bb7 17. d4 Rfe8 18. c4 Bc8 19. Ne4 d5 20. Nd6 Rf8 21. c5 Ba6 22. Rf2 fxe5 23. fxe5 Bd3 24. Rc1 Qd7 25. cxb6 axb6 26. Bb4 Rf4 27. Qe3 1-0

[Event "SLO-chT 31st"]
[Site "Ljubljana"]
[Date "2021.09.10"]
[Round "1.2"]
[White "Podlesnik, Bogdan"]
[Black "Slibar, Matjaz"]
[Result "1/2-1/2"]
[WhiteElo "2327"]
[BlackElo "2166"]
[PlyCount "74"]
[EventDate "2021.09.10"]
[EventType "team-tourn"]
[EventRounds "9"]
[EventCountry "SLO"]
[SourceTitle "CBM 204 Extra"]
[Source "ChessBase"]
[SourceDate "2021.11.30"]
[SourceVersion "1"]
[SourceVersionDate "2021.11.30"]
[SourceQuality "1"]
[WhiteTeam "Posocje"]
[BlackTeam "Kranj Tomo Zupan"]
[WhiteTeamCountry "SLO"]
[BlackTeamCountry "SLO"]

1. e4 c5 2. f4 d5 3. d3 Nf6 4. e5 Ng8 5. Nf3 Bg4 6. h3 Bxf3 7. Qxf3 Nc6 8. c3 e6 9. g3 Nge7 10. Be3 Nf5 11. Bf2 Be7 12. Nd2 Qc7 13. a3 b5 14. Bg2 Rd8 15. 0-0 h5 16. Rac1 g6 17. b4 Nb8 18. Nb3 c4 19. Nd4 Nxd4 20. cxd4 a5 21. Rb1 axb4 22. axb4 Nd7 23. g4 hxg4 24. hxg4 Nb6 25. dxc4 Nxc4 26. Be1 Ra8 27. f5 gxf5 28. gxf5 Ra2 29. Bh3 Qb6 30. Bf2 Ra3 31. Rb3 Nd2 32. Rxa3 Nxf3+ 33. Rxf3 Bxb4 34. Ra1 Kd7 35. Rb3 Be7 36. f6 Bf8 37. Kf1 b4 1/2-1/2

[Event "SLO-chT 29th"]
[Site "Slovenia"]
[Date "2019.12.21"]
[Round "8.4"]
[White "Cigan, Stefan"]
[Black "Slibar, Matjaz"]
[Result "1/2-1/2"]
[WhiteElo "2318"]
[BlackElo "2188"]
[PlyCount "111"]
[EventDate "2019.09.06"]
[EventType "team-tourn"]
[EventRounds "9"]
[EventCountry "SLO"]
[SourceTitle "CBM 195 Extra"]
[Source "ChessBase"]
[SourceDate "2020.05.31"]
[SourceVersion "1"]
[SourceVersionDate "2020.05.31"]
[SourceQuality "1"]
[WhiteTeam "Murska Sobota Radenska"]
[BlackTeam "Prevodi Dvojka"]
[WhiteTeamCountry "SLO"]
[BlackTeamCountry "SLO"]

1. e4 c5 2. Nf3 e6 3. d4 cxd4 4. Nxd4 Nc6 5. Nc3 Qc7 6. Be3 a6 7. Qf3 Nf6 8. 0-0-0 d6 9. Be2 h5 10. Bg5 Be7 11. Rhe1 Bd7 12. Qg3 0-0-0 13. f4 Nxd4 14. Rxd4 Bc6 15. Bf3 Ne8 16. Nd5 Bxd5 17. Bxe7 Bxe4 18. Bxe4 Qxe7 19. Qc3+ Nc7 20. Qb4 Nb5 21. Rd3 Qc7 22. Rb3 d5 23. Bd3 Na7 24. Qa4 Rd6 25. Qd4 Nc6 26. Qxg7 Rdd8 27. g3 h4 28. a3 Rhg8 29. Qf6 hxg3 30. hxg3 Rxg3 31. Rf1 Rdg8 32. Kb1 Rg1 33. Rxg1 Rxg1+ 34. Ka2 Rg4 35. f5 e5 36. Rc3 Rg3 37. Qh8+ Kd7 38. Qf8 Qd6 39. Qxf7+ Kc8 40. Bxa6 Rxc3 41. Qxb7+ Kd8 42. bxc3 Ne7 43. a4 e4 44. Qa8+ Kc7 45. Qb7+ Kd8 46. Qa8+ Kc7 47. Qb7+ Kd8 48. a5 Nxf5 49. Qc8+ Ke7 50. Qxf5 Qxa6 51. Qxd5 Qe2 52. Kb2 e3 53. c4 Qd2 54. Qe5+ Kf7 55. a6 e2 56. a7 1/2-1/2

[Event "SLO-chT 20th"]
[Site "Gostovanja"]
[Date "2010.11.06"]
[Round "8"]
[White "Mestrovic, Zvonimir"]
[Black "Slibar, Matjaz"]
[Result "1-0"]
[WhiteElo "2354"]
[BlackElo "2205"]
[PlyCount "43"]
[EventDate "2010.05.15"]
[EventType "team-tourn"]
[EventRounds "9"]
[EventCountry "SLO"]
[SourceTitle "EXT 2020"]
[Source "ChessBase"]
[SourceDate "2019.10.17"]
[SourceVersion "1"]
[SourceVersionDate "2019.10.17"]
[SourceQuality "1"]
[WhiteTeam "Krsko Triglav"]
[BlackTeam "Kranj Tomo Zupan"]
[WhiteTeamCountry "SVK"]
[BlackTeamCountry "SLO"]

1. e4 c5 2. c3 Nf6 3. e5 Nd5 4. d4 cxd4 5. Bc4 Nb6 6. Bb3 dxc3 7. Nxc3 Nc6 8. Nf3 g6 9. a4 a5 10. Ng5 e6 11. Nge4 Nxe5 12. Bg5 Be7 13. Bxe7 Qxe7 14. Qd4 f6 15. Qxb6 Ra6 16. Qd4 d5 17. Bxd5 0-0 18. 0-0 exd5 19. Nxd5 Qf7 20. Rfe1 Nd7 21. Ng5 fxg5 22. Ne7+ 1-0

[Event "SLO-chT1 West"]
[Site "Ljubljana"]
[Date "2008.11.13"]
[Round "1.4"]
[White "Slibar, Matjaz"]
[Black "Aljancic, Martin"]
[Result "1-0"]
[WhiteElo "2173"]
[BlackElo "2160"]
[PlyCount "95"]
[EventDate "2008.11.13"]
[EventType "team-tourn"]
[EventRounds "9"]
[EventCountry "SLO"]
[SourceTitle "EXT 2010"]
[Source "ChessBase"]
[SourceDate "2010.11.25"]
[SourceVersion "1"]
[SourceVersionDate "2010.11.25"]
[SourceQuality "1"]
[WhiteTeam "Kranj Tomo Zupan"]
[BlackTeam "Stari Mayr Kranj"]
[WhiteTeamCountry "SLO"]
[BlackTeamCountry "SLO"]

1. e4 c5 2. Ne2 d6 3. c4 Nf6 4. Nbc3 Nc6 5. d4 cxd4 6. Nxd4 e6 7. Be2 Be7 8. 0-0 0-0 9. Be3 Bd7 10. Qd2 Nxd4 11. Qxd4 Bc6 12. Rad1 Qa5 13. a3 Rfd8 14. b4 Qe5 15. Qxe5 dxe5 16. f3 b6 17. Rxd8+ Rxd8 18. Rd1 Rxd1+ 19. Bxd1 Kf8 20. Kf2 Ke8 21. Ke2 Kd8 22. Kd3 Nd7 23. Ba4 Bxa4 24. Nxa4 Kc7 25. Kc3 h5 26. Kb3 Kc6 27. Nc3 g6 28. Na4 Bf8 29. Nb2 a6 30. Nd3 Be7 31. Bd2 Bd8 32. Bc3 Bc7 33. b5+ axb5 34. Nb4+ Kb7 35. cxb5 f5 36. exf5 gxf5 37. Kc4 Bd6 38. Nc6 Kc7 39. a4 e4 40. fxe4 Bxh2 41. exf5 exf5 42. Kd5 Bg1 43. Bd4 Bxd4 44. Nxd4 Nc5 45. Ne6+ Kd7 46. Nxc5+ bxc5 47. Kxc5 f4 48. Kd4 1-0

[Event "SLO-chT1 West"]
[Site "Otocec"]
[Date "2006.11.24"]
[Round "6"]
[White "Slibar, Matjaz"]
[Black "Suc, Timothy"]
[Result "1/2-1/2"]
[WhiteElo "2169"]
[BlackElo "1865"]
[PlyCount "67"]
[EventDate "2006.11.16"]
[EventType "team"]
[EventRounds "9"]
[EventCountry "SLO"]
[SourceTitle "EXT 2008"]
[Source "ChessBase"]
[SourceDate "2007.11.25"]
[SourceVersion "1"]
[SourceVersionDate "2007.11.25"]
[SourceQuality "1"]

1. e4 d5 2. exd5 Qxd5 3. Nc3 Qd6 4. d4 Nf6 5. Nb5 Qd8 6. Bf4 Nd5 7. Qf3 c6 8. Bc4 Be6 9. Bxd5 Bxd5 10. Nc7+ Qxc7 11. Bxc7 Bxf3 12. Nxf3 Nd7 13. 0-0-0 e6 14. g4 Be7 15. Rhg1 Rc8 16. Bf4 0-0 17. g5 Rfd8 18. h4 Nb6 19. h5 c5 20. Be3 Nc4 21. c3 b5 22. Ne5 Nxe5 23. dxe5 a6 24. Kc2 g6 25. hxg6 hxg6 26. Rxd8+ Rxd8 27. Rd1 Rxd1 28. Kxd1 c4 29. Ke2 Kf8 30. Kf3 Ke8 31. Ke4 Kd7 32. f3 Kc6 33. Bc1 Bc5 34. Bd2 1/2-1/2

[Event "SLO-chT1 West"]
[Site "Otocec"]
[Date "2006.11.17"]
[Round "2"]
[White "Pazlar, Marko"]
[Black "Slibar, Matjaz"]
[Result "1/2-1/2"]
[WhiteElo "2072"]
[BlackElo "2169"]
[PlyCount "111"]
[EventDate "2006.11.16"]
[EventType "team"]
[EventRounds "9"]
[EventCountry "SLO"]
[SourceTitle "EXT 2008"]
[Source "ChessBase"]
[SourceDate "2007.11.25"]
[SourceVersion "1"]
[SourceVersionDate "2007.11.25"]
[SourceQuality "1"]

1. e4 c5 2. Nc3 e6 3. g3 Nc6 4. Bg2 Nf6 5. Nge2 Be7 6. 0-0 0-0 7. d4 cxd4 8. Nxd4 Qb6 9. Nb3 a6 10. Be3 Qc7 11. Qe2 d6 12. a4 Ne5 13. h3 Nc4 14. Bc1 Bd7 15. g4 Rac8 16. a5 Ne8 17. Rd1 Bf6 18. Rd3 g6 19. f4 Bc6 20. g5 Bg7 21. h4 Bb5 22. Nxb5 axb5 23. c3 Qe7 24. h5 Nc7 25. Qg4 b4 26. Rh3 bxc3 27. bxc3 Nb5 28. Ra2 Bxc3 29. Re2 Nxa5 30. Nxa5 Bxa5 31. Bb2 Bc3 32. Rxc3 Rxc3 33. f5 e5 34. Bf1 gxf5 35. exf5 Rc5 36. g6 fxg6 37. hxg6 hxg6 38. Rg2 Rf6 39. Bxb5 Rxb5 40. Qc4+ Qf7 41. Qxb5 Rxf5 42. Bc1 Rf3 43. Qe2 Kg7 44. Rg5 Rf5 45. Rg3 Qd5 46. Be3 Qf7 47. Qh2 Kf6 48. Qh8+ Ke6 49. Qc8+ Kf6 50. Qh8+ Ke7 51. Bg5+ Ke6 52. Qc8+ Qd7 53. Qg8+ Qf7 54. Qc8+ Qd7 55. Qg8+ Qf7 56. Qc8+ 1/2-1/2

[Event "SLO-chT 15th"]
[Site "Bled"]
[Date "2005.11.29"]
[Round "5"]
[White "Slibar, Matjaz"]
[Black "Burnazovic, Ervin"]
[Result "0-1"]
[WhiteElo "2181"]
[BlackElo "2349"]
[PlyCount "116"]
[EventDate "2005.11.26"]
[EventType "team-tourn"]
[EventRounds "9"]
[EventCountry "SLO"]
[SourceTitle "CBM 109 Extra"]
[Source "ChessBase"]
[SourceDate "2006.01.03"]
[SourceVersion "2"]
[SourceVersionDate "2006.01.03"]
[SourceQuality "1"]
[WhiteTeam "Kranj Tomo Zupan"]
[BlackTeam "Maribor Branik"]
[WhiteTeamCountry "SLO"]
[BlackTeamCountry "SLO"]

1. e4 c5 2. Ne2 d5 3. exd5 Qxd5 4. Nbc3 Qd8 5. d4 cxd4 6. Qxd4 Nc6 7. Qxd8+ Kxd8 8. Bf4 e5 9. 0-0-0+ Bd7 10. Be3 Nf6 11. f4 e4 12. h3 h5 13. Nd4 Bb4 14. Nxc6+ bxc6 15. Bd4 Re8 16. Bc4 Ke7 17. Bxf6+ gxf6 18. Nxe4 f5 19. Ng5 Be6 20. Bxe6 fxe6 21. Rd4 Bc5 22. Rd3 Kf6 23. Nf3 Rad8 24. Rhd1 Rxd3 25. Rxd3 Rg8 26. Ne5 Bf2 27. Nxc6 Rxg2 28. c4 Bg3 29. Rf3 Bf2 30. b4 Bg1 31. a4 h4 32. Kd1 Rb2 33. c5 a5 34. bxa5 Bxc5 35. Rc3 Bg1 36. a6 Rb6 37. a7 Ra6 38. a5 Bxa7 39. Nxa7 Rxa7 40. Ra3 Ra6 41. Ke2 e5 42. fxe5+ Kxe5 43. Kf3 Rg6 44. Ra4 Ra6 45. Ke3 Ke6 46. Kf4 Kf6 47. Ra1 Kg6 48. Ke5 Kg5 49. Ra3 Kg6 50. Kd5 Kf6 51. Kc5 Ke5 52. Kb5 Ra8 53. a6 f4 54. Kc4 Ke4 55. Kc3 Ke3 56. Kc4+ Kf2 57. Kd4 Kg2 58. Ke4 f3 0-1

[Event "SLO-chT West"]
[Site "Bled"]
[Date "2004.11.07"]
[Round "4"]
[White "Slibar, Matjaz"]
[Black "Ciglic, Boris"]
[Result "1/2-1/2"]
[WhiteElo "2195"]
[BlackElo "2142"]
[PlyCount "71"]
[EventDate "2004.11.05"]
[EventType "team"]
[EventRounds "9"]
[EventCountry "SLO"]
[SourceTitle "EXT 2009"]
[Source "ChessBase"]
[SourceDate "2008.11.26"]
[SourceVersion "1"]
[SourceVersionDate "2008.11.26"]
[SourceQuality "1"]

1. e4 c5 2. Ne2 Nc6 3. c4 g6 4. d4 cxd4 5. Nxd4 Bg7 6. Be3 Nf6 7. Nc3 0-0 8. Be2 d6 9. 0-0 Bd7 10. Rc1 Nxd4 11. Bxd4 Bc6 12. f3 Nd7 13. Bxg7 Kxg7 14. Kh1 a5 15. b3 Qb6 16. Rb1 Qe3 17. Qc2 Rfc8 18. Rbd1 Kg8 19. Rd3 Qb6 20. Qb2 Nc5 21. Rd2 a4 22. b4 a3 23. Qb1 Na4 24. Qb3 Nxc3 25. Qxc3 Ra4 26. Rb1 Bd7 27. Qb3 Qa7 28. Bd1 Ra6 29. b5 Ra5 30. Qb4 Be6 31. Bb3 b6 32. Rbd1 Rc5 33. Rd4 Qc7 34. Kg1 Ra8 35. R1d3 Rc8 36. Qxa3 1/2-1/2

[Event "SLO-chT2W"]
[Site "Bled"]
[Date "2003.11.13"]
[Round "5"]
[White "Petek, Primoz"]
[Black "Slibar, Matjaz"]
[Result "1-0"]
[WhiteElo "2068"]
[BlackElo "2204"]
[PlyCount "91"]
[EventDate "2003.11.07"]
[EventType "team"]
[EventRounds "8"]
[EventCountry "SLO"]
[SourceTitle "EXT 2005"]
[Source "ChessBase"]
[SourceDate "2004.11.15"]
[SourceVersion "1"]
[SourceVersionDate "2004.11.15"]
[SourceQuality "1"]

1. c4 e6 2. g3 c5 3. Bg2 Nf6 4. Nf3 Be7 5. 0-0 0-0 6. b3 Nc6 7. Bb2 Rb8 8. Nc3 a6 9. d4 cxd4 10. Nxd4 Qc7 11. Rc1 Nxd4 12. Qxd4 b6 13. e4 d6 14. h3 Bb7 15. Kh2 Ne8 16. Qe3 Ba8 17. Ne2 Bf6 18. Bc3 Bxc3 19. Rxc3 Nf6 20. Rd1 Rfd8 21. Rcd3 Ne8 22. Qd2 Rdc8 23. Nf4 h6 24. e5 dxe5 25. Rd7 exf4 26. Rxc7 fxg3+ 27. fxg3 Rxc7 28. Bxa8 Rxa8 29. Qd4 Rb8 30. b4 Nf6 31. Qf4 Rbc8 32. Rd8+ Kh7 33. Rxc8 Rxc8 34. Qd4 Rc6 35. a4 a5 36. b5 Rc5 37. Qd3+ g6 38. Qd8 Ne4 39. Qxb6 Rxc4 40. Qxa5 Rc2+ 41. Kg1 Nxg3 42. Qa7 Ne2+ 43. Kf1 Kg7 44. b6 Nd4 45. b7 Nc6 46. b8Q 1-0

[Event "SLO-chT2"]
[Site "Slovenia"]
[Date "2003.03.23"]
[Round "1"]
[White "Plahuta, Darko"]
[Black "Slibar, Matjaz"]
[Result "1/2-1/2"]
[WhiteElo "2011"]
[BlackElo "2204"]
[PlyCount "128"]
[EventDate "2003.05.02"]
[EventType "team"]
[EventRounds "9"]
[EventCountry "SLO"]
[SourceTitle "EXT 2005"]
[Source "ChessBase"]
[SourceDate "2004.11.15"]
[SourceVersion "1"]
[SourceVersionDate "2004.11.15"]
[SourceQuality "1"]

1. d4 Nf6 2. c4 e6 3. Nc3 Bb4 4. Qc2 0-0 5. a3 Bxc3+ 6. Qxc3 b6 7. Bg5 Bb7 8. f3 d5 9. Nh3 Nbd7 10. Nf2 h6 11. Bd2 c5 12. dxc5 bxc5 13. g4 d4 14. Qc1 Ne8 15. h4 Nd6 16. h5 e5 17. g5 hxg5 18. Bxg5 f6 19. Bd2 e4 20. Nxe4 Nxe4 21. fxe4 Bxe4 22. Rg1 Ne5 23. Bh3 Re8 24. Bh6 Re7 25. Kf2 Kh8 26. Qf4 Bh7 27. Qh4 Rb8 28. b4 d3 29. Bf4 cxb4 30. e3 bxa3 31. Rxa3 Rb2+ 32. Kg3 Nxc4 33. Ra6 Nxe3 34. Rd6 Qg8 35. Kf3 Qa8+ 36. Kg3 d2 37. h6 d1Q 38. Rgxd1 Nxd1 39. Rxd1 Rb3+ 40. Kh2 g5 41. Bxg5 Re2+ 42. Kg1 Qg8 43. Rd8 Rb1+ 44. Bf1 Re8 45. Rxe8 Qxe8 46. Bxf6+ Kg8 47. Qc4+ Kf8 48. Bg7+ Ke7 49. Qc5+ Ke6 50. Qe3+ Kf7 51. Qxa7+ Kg6 52. Qa6+ Kh5 53. Qf6 Qe3+ 54. Qf2 Qg5+ 55. Kh2 Bf5 56. Be2+ Bg4 57. Qf7+ Qg6 58. Bxg4+ Kg5 59. Qxg6+ Kxg6 60. Be2 Rb3 61. Kg2 Kh7 62. Bd1 Rb5 63. Bc2+ Kg8 64. Bf6 Rh5 1/2-1/2

[Event "SLO-chT2"]
[Site "Slovenia"]
[Date "2002.04.28"]
[Round "2"]
[White "Slibar, Matjaz"]
[Black "Lendero, Peter"]
[Result "1-0"]
[WhiteElo "2218"]
[BlackElo "1797"]
[PlyCount "49"]
[EventDate "2002.04.07"]
[EventType "team"]
[EventRounds "9"]
[EventCountry "SLO"]
[SourceTitle "EXT 2005"]
[Source "ChessBase"]
[SourceDate "2004.11.15"]
[SourceVersion "1"]
[SourceVersionDate "2004.11.15"]
[SourceQuality "1"]

1. e4 c6 2. Nc3 d5 3. Qf3 dxe4 4. Nxe4 e5 5. Bc4 Qc7 6. d4 b5 7. Bb3 exd4 8. Bf4 Qd7 9. Ne2 Bb7 10. Nxd4 c5 11. Nxb5 Qxb5 12. Qe3 Qb4+ 13. Nc3+ Be7 14. 0-0-0 Nf6 15. Bd6 0-0 16. Bxe7 Re8 17. a3 Qg4 18. f3 Qg6 19. Bxf6 Nc6 20. Qxc5 Qxf6 21. Rd7 Rab8 22. Rxf7 Qh6+ 23. Kb1 Kh8 24. Rd1 Ne5 25. Rxb7 1-0

[Event "SLO-chT2"]
[Site "Slovenia"]
[Date "2002.??.??"]
[Round "7"]
[White "Slibar, Matjaz"]
[Black "Osolin, Bogdan"]
[Result "1-0"]
[WhiteElo "2218"]
[BlackElo "2076"]
[PlyCount "120"]
[EventDate "2002.04.07"]
[EventType "team"]
[EventRounds "9"]
[EventCountry "SLO"]
[SourceTitle "EXT 2005"]
[Source "ChessBase"]
[SourceDate "2004.11.15"]
[SourceVersion "1"]
[SourceVersionDate "2004.11.15"]
[SourceQuality "1"]

1. e4 e5 2. Nf3 d6 3. Bc4 Be7 4. d4 exd4 5. Nxd4 Nf6 6. Nc3 0-0 7. 0-0 c5 8. Nb3 Nc6 9. Bf4 Be6 10. Qe2 Nd4 11. Nxd4 cxd4 12. Nd5 Re8 13. Nxe7+ Qxe7 14. Bd3 d5 15. e5 Ne4 16. Bxe4 dxe4 17. Qxe4 Qc5 18. Rfd1 Rad8 19. Rd2 Rd5 20. Rad1 Red8 21. Bg3 h5 22. h3 R8d7 23. Kh2 g6 24. f4 Bf5 25. Qe2 Qb4 26. c3 d3 27. Qf3 Qc4 28. Bf2 b5 29. g4 hxg4 30. hxg4 Be4 31. Qe3 f5 32. exf6 Rh7+ 33. Kg3 Rd8 34. Re1 Bc6 35. Qe6+ Rf7 36. Qxc4 bxc4 37. Bd4 Rh7 38. b3 Bd5 39. bxc4 Bxc4 40. f5 gxf5 41. g5 Rh5 42. Kf4 Rd5 43. Re8+ Kf7 44. Re7+ Kf8 45. g6 Rh4+ 46. Kf3 Rd8 47. Rc7 Bd5+ 48. Ke3 Rh3+ 49. Kf4 Re8 50. Kxf5 Be6+ 51. Kf4 Bd5 52. Kg4 Be6+ 53. Kf4 Bd5 54. Re7 Rc8 55. Re3 Rxe3 56. Kxe3 Re8+ 57. Kf4 Bc4 58. Bc5+ Kg8 59. f7+ Bxf7 60. gxf7+ Kxf7 1-0

[Event "SLO-chT West"]
[Site "Bled"]
[Date "2001.11.24"]
[Round "6"]
[White "Slibar, Matjaz"]
[Black "Skok, Joze"]
[Result "1-0"]
[WhiteElo "2225"]
[BlackElo "2130"]
[PlyCount "92"]
[EventDate "2001.11.18"]
[EventType "team"]
[EventRounds "7"]
[EventCountry "SLO"]
[SourceTitle "EXT 2003"]
[Source "ChessBase"]
[SourceDate "2002.11.25"]
[SourceVersion "1"]
[SourceVersionDate "2002.11.25"]
[SourceQuality "1"]

1. e4 e6 2. d4 d5 3. Nd2 Nf6 4. e5 Nfd7 5. f4 c5 6. c3 Qb6 7. Ngf3 Nc6 8. Nb3 cxd4 9. cxd4 Be7 10. Bd3 0-0 11. 0-0 f6 12. Kh1 a5 13. a4 f5 14. Rg1 Nb4 15. Bb1 Qd8 16. g4 Nb6 17. Nc5 Qc7 18. Ra3 Bd7 19. gxf5 exf5 20. Ng5 Bxc5 21. dxc5 Nc4 22. Rh3 Bc6 23. Qd4 b6 24. Ne6 bxc5 25. Nxc5 Rae8 26. b3 Nxe5 27. fxe5 Qxe5 28. Bb2 Qxd4 29. Bxd4 g6 30. Rf3 Re4 31. Nxe4 dxe4 32. Rc3 e3+ 33. Rxc6 Nxc6 34. Bxe3 Re8 35. Bf4 Nd4 36. Bd3 Kg7 37. Bc4 Re4 38. Bc7 f4 39. Bxa5 Kh6 40. Bb6 Nf5 41. a5 f3 42. a6 Re8 43. a7 Ne7 44. Rf1 Ra8 45. Rxf3 Kg5 46. Be3+ Kh4 1-0